| 000 | 00995nam a2200241Ia 4500 | ||
|---|---|---|---|
| 003 | IN-BaIIA | ||
| 008 | 211028s9999 xx 000 0 eng d | ||
| 020 | _a978-1-58381--694-3 | ||
| 040 | _cIIA Library | ||
| 080 |
_a082.2:52 _bASP-407 |
||
| 110 |
_aAstronomical Society of the Pacific _91154 |
||
| 111 |
_aAn Event Commemorating the Birth Centenary of Dr. Homi J. Bhabha _cPune, India _d2008 Dec. 8-12 _934467 |
||
| 245 | 4 |
_aThe Low- frequency radio universe _bproceedings of an event commemorating the birth centenary of Dr. Homi J Bhabha held in Pune, India, December 8-12, 2008 _cedited by D. J. Saikia…[et al.] |
|
| 260 |
_aSan Francisco _bAstronomical Society of the Pacific _c2009 |
||
| 300 | _axxv, 457p. | ||
| 490 | _aAstronomical Society of the Pacific conference series; v. 407 | ||
| 650 |
_aAstronomy _980 |
||
| 700 |
_aGreen, D. A., ed. _934468 |
||
| 700 |
_aGupta, Y., ed. _928516 |
||
| 700 |
_aSaikia, D. J., ed. _934469 |
||
| 700 |
_aVenturi, T., ed. _934470 |
||
| 942 | _cBK | ||
| 999 |
_c18086 _d18086 |
||